| 000 | 00343nam a2200133Ia 4500 | ||
|---|---|---|---|
| 008 | 230312s9999||||xx |||||||||||||| ||und|| | ||
| 082 |
_a589 _bCIN |
||
| 245 | 0 | _aDeveloper / 2000 : Build Forms 1 | |
| 260 | _bOracle | ||
| 300 | _a424 | ||
| 546 | _aEng. | ||
| 650 |
_aArchitecture _vIntroduction , Running a Form Builder Application |
||
| 942 | _cBK | ||
| 999 |
_c1840 _d1840 |
||